000 00942nam a22002537a 4500
999 _c6742
_d6742
003 AR-CdUCM
008 190319b ||||| |||| 00| 0 spa d
020 _a84-205-0430-0
040 _aMUNICIPALIDAD PROVINCIAL DEL CUSCO
_cBIBLIOTECA MUNICIPAL DEL CUSCO
041 _heng
082 _a508 /
_bA57
100 _aAndrewartha, H. G.
_918984
245 _aIntroducción al estudio de poblaciones animales /
260 _aMadrid :
_bAlhambra,
_c1973.
300 _a332 páginas ;
_c20 cm.
440 _aExedra - Ciencia técnica ingeniería
_n84
_918985
505 _aLa historia de la ecología y su ámbito de aplicación -- Medio ambiente -- Componentes del medio ambiente, recursos -- Componentes del medio ambiente, depredadores y patógenos agresores ...
650 _aBiología
_9881
650 _aZoología
_918986
650 _aEcología
_94960
700 _aSalas Ortueta, Esteban
_918987
942 _2ddc
_cLIBROS
945 _aacv